000 01110nam a2200253Ia 4500
001 230-RAT jo pe (22256)
003 IT-MiSPE
008 171229s9999||||xx |||||||||||||| ||und||
040 _aIT-MiSPE
_cIT-MiSPE
041 _aITALIANO
100 _aJoseph Ratzinger (Benedictus XVI)
_gpapa
240 _aGrundsatz-Reden aus fünf Jahrzehnten
245 0 _aPerché siamo ancora nella Chiesa
250 _a1a ed. (v)
260 _aMilano
_bRizzoli
_c2008
300 _a299 p.
_c22 cm
501 _aEdizioni San Paolo srl - Piazza Soncino, 5 - 20092 CINISELLO BALSAMO (MI) (non commercial uses only) ® Copyright 2018
520 _aMassimo Faggioli (ed. it.)
700 _aMassimo Faggioli
700 _aValentina Rosi
_g(traduzione)
942 _cBK
957 _71
999 _a13624
_bNO
_g Copie: 1
_c340100
_d340100